ბათუმის შოთა რუსთაველის სახელმწიფო უნივერსიტეტის ბიბლიოთეკა

Магистральные электровозы:электрические аппараты и схемы. (ბიბ.ჩანაწერი № 38716)

000 -LEADER
fixed length control field 00811nam a2200217Ia 4500
001 - CONTROL NUMBER
control field 5004
003 - CONTROL NUMBER IDENTIFIER
control field GE_BSU
008 - FIXED-LENGTH DATA ELEMENTS--GENERAL INFORMATION
fixed length control field 181216s||||||||xx |||||||||||||| ||und||
040 ## - CATALOGING SOURCE
Transcribing agency GE_BSU
080 ## - UNIVERSAL DECIMAL CLASSIFICATION NUMBER
Universal Decimal Classification number 621.423.1
100 ## - MAIN ENTRY--PERSONAL NAME
Personal name Баранов,В.К. Калинин,В.К. Кацер,М.А. и др.
245 ## - TITLE STATEMENT
Title Магистральные электровозы:электрические аппараты и схемы.
245 ## - TITLE STATEMENT
Statement of responsibility, etc. Ред. Е.В.Горчаков, В.И.Бочаров.
260 ## - PUBLICATION, DISTRIBUTION, ETC.
Place of publication, distribution, etc. М.
260 ## - PUBLICATION, DISTRIBUTION, ETC.
Name of publisher, distributor, etc. Машиностроение.
260 ## - PUBLICATION, DISTRIBUTION, ETC.
Date of publication, distribution, etc. 1969.
300 ## - PHYSICAL DESCRIPTION
Extent 368 стр. 27см. Библиогр.: стр.363-364.
300 ## - PHYSICAL DESCRIPTION
Accompanying material С чертеж.
653 ## - INDEX TERM--UNCONTROLLED
Uncontrolled term Магистральные электровозы:электрические аппараты и схемы.
942 ## - ADDED ENTRY ELEMENTS (KOHA)
Koha item type წიგნი
ეგზემპლარები
Withdrawn status Lost status Damaged status Not for loan Date acquired Barcode Date last seen Price effective from Koha item type
        2018-12-17 10942 2018-12-17 2018-12-17 წიგნი